La sanidad en Espaą Situacin̤ actual y perspectivas de futuro /

Detalles Bibliográficos
Autor principal: Calvo Vergez, Juan
Formato: eBook
Lenguaje:español
Publicado: Madrid: Dykinson, 2020
Materias:
Acceso en línea:Acceso restringido

MARC

LEADER 00000nam a22000007a 4500
005 2020110408238.0
007 cr|||| ||||
008 201104s2020 es |||||s|||| 00||0 spa d
020 |a 978-84-1324-868-4 
035 |a 32273 
040 |a vLex 
090 |c 10836  |d 10836 
100 1 |a Calvo Vergez, Juan 
245 1 2 |a La sanidad en Espaą  |h [Recurso electrn̤ico] :  |b Situacin̤ actual y perspectivas de futuro /  |c Juan Calvo Vergez 
256 |a Servicio en ln̕ea 
260 |a Madrid:  |b Dykinson,  |c 2020 
300 |a 1 recurso electrn̤ico 
500 |a Sin lugar a dudas, el principal sector de nuestro Estado de Bienestar que se ha visto afectado directamente por los estragos provocados por la pandemia de la COVID-19 ha sido el sector sanitario, tanto pb︢lico como privado. La crisis sanitaria, humanitaria y econm̤ica desencadenada por el coronavirus ha servido para dejar al descubierto algunas de las debilidades padecidas por nuestro sistema sanitario, sirviendo no obstante tambiň para destacar sus numerosas fortalezas y, en particular, para reconocer la admirable labor desempeąda por el conjunto del personal sanitario. La presente obra analiza las principales cuestiones conflictivas que afectan en la actualidad nuestra Sanidad pb︢lica en m̀bitos tan importantes como los relativos al gasto pb︢lico, la inversin̤ en I+D, el empleo, la contratacin̤ pb︢lica, el rǧimen de copago o la renovacin̤ del material hospitalario, entre otros. Con carc̀ter adicional se ofrecen y estudian posibles alternativas de mejora en el conjunto de cuestiones planteadas a la luz de la vigente regulacin̤ normativa. Se trata de una obra que pretende servir de herramienta de apoyo de cara a acometer el reforzamiento y revisin̤ de nuestro sistema sanitario, el cual debe ser puesto en valor tras los efectos derivados de la crisis de la COVID-19. El reforzamiento de nuestra sanidad pb︢lica debe constituir, adems̀, una de las va̕s para relanzar nuestra economa̕. 
506 1 |a Disponible solo en los productos indicados  |d vLex Global  |d vLex Global (Academic Edition, excluding Law Schools)  |d vLex Global (U.S. Academic Edition, Law Schools)  |d vLex Global (U.S. Academic Edition, excluding Law Schools)  |d vLex Global (Academic Edition, Law Schools) 
650 0 4 |a Derecho Tributario  |z Espaą 
650 0 4 |a Derecho Pb︢lico y Administrativo  |z Espaą 
650 0 4 |a Sanidad  |z Espaą 
650 0 4 |a Financiero  |z Espaą 
740 0 |a vLex Libros (Servicio en ln̕ea) 
856 4 0 |u http://vlex.com/source/sanidad-en-espa-a-situacion-actual-y-perspectivas-de-futuro-32273  |z Acceso restringido 
942 |c BOOK 
999 0 |a Tax Law 
999 0 |a Public and Administrative Law 
999 0 |a Health 
999 0 |a Financial